Normal view
MARC view
- RF Circuit design
Entry Topical Term
001 - CONTROL NUMBER
- control field: 124942
003 - CONTROL NUMBER IDENTIFIER
- control field: NUST
005 - DATE AND TIME OF LATEST TRANSACTION
- control field: 20240801101227.0
008 - FIXED-LENGTH DATA ELEMENTS
- fixed length control field: 240801|| aca||aabn | a|a d
040 ## - CATALOGING SOURCE
- Original cataloging agency: NUST
- Transcribing agency: NUST
150 ## - HEADING--TOPICAL TERM
- Topical term or geographic name entry element: RF Circuit design
670 ## - SOURCE DATA FOUND
- Source citation: Work cat.: (NUST): Reinhold Ludwig 124940, RF Circuit design, 2002.
